00272nam a2200121Ia 45000030006000000080041000060400015000471000027000622450023000892600009001125460012001210050017001330STCL150530s9999 xx 000 0 und d aSTCLcSTCL aSteuart King, H.; EdEd aNine short stories c1983 aEnglish20220125170650.0